| 000 | 00517nam a2200181 a 4500 | ||
|---|---|---|---|
| 005 | 20250903063925.0 | ||
| 008 | 030825s1981 ea r 000 0 eng d | ||
| 020 | _a0470270756 | ||
| 035 | _aUPN01000128166 | ||
| 049 | _aCG | ||
| 050 | 4 |
_aLC5219 _bA4.3 |
|
| 100 | 1 | _aAnderson, Digby C. | |
| 245 | 1 | 0 |
_aEvaluating curriculum proposals : _ba critical guide / _cDigby C. Anderson. |
| 260 |
_aNew York : _bCroom Helm ; _bJohn Wiley, _c1981. |
||
| 300 | _a178 p. | ||
| 650 | 4 |
_aDiseƱo curricular _96719 |
|
| 905 | _aLibro | ||
| 999 |
_c100345 _d100345 |
||